000 00429pab a2200169 454500
008 180718b2011 xxu||||| |||| 00| 0 eng d
100 _aPepinsky, Thomas B.
245 _aPiety and redistributive preferences in the Muslim world
260 _c2011
300 _ap.491-505.
362 _aSep
650 _aMuslims
700 _aWelborne, Bozena C.
773 _aPolitical Research Quarterly
908 _aN
909 _a93948
999 _c93948
_d93948